000 00524nam a2200217Ia 4500
003 OSt
005 20220926042456.0
006 a|||||r|||| 00| 0
007 ta
008 220923b |||||||| |||| 00| 0 eng d
037 _cGeneral Book
040 _aRTL
_cRTL
_beng
041 _2eng
_aeng
082 _aS, J6
100 _aOlds James
_983945
245 0 _aGrowth and structure of motives
260 _c1956
650 _aPsychology
942 _hS, J6
_cGB
_2CC
999 _c669818
_d669818